000 00410nam a2200145Ia 4500
008 220217s9999||||xx |||||||||||||| ||und||
020 _a81-7808-383-3
082 _a005.13 DEI
100 _aDeitel, H.M. Deitel, P.J
_91240
245 0 _aC how to program: introducing C++ and java
250 _a3rd
260 _aPearson education asia
_bDelhi
_c2002
300 _b595
650 _aPROGRAMMING LANGUAGE
999 _c172195
_d172195